000 00339 a2200145 4500
999 _c324942
_d324942
001 89869
003 NUST
082 _a813.54 GRI
100 _aGrisham John
_99825
245 _aThe Testament
_hEnglish
250 _aTraveller,s Edition
260 _aUK
_bC century Pub
_c1999
300 _a435p.
500 _aGeneral Books
942 _aCAE NUST
_cBK
_k813.54 GRI
_2ddc